000 00327 a2200169 4500
001 175165
020 _a85-85466-90-1
040 _cMagnum
100 _aSellier, Marie
240 1 0 _aM de Monet
_lpor
245 1 0 _aM de Monet
300 _a61
362 0 _a1997
440 1 _aModerna
697 _aPINTORES
942 _cBK
999 _c175165
_d175165